Dealing with the Malaysian Giril sarrice

Bibliographic Details
Corporate Author: Malaysian Administrative Moderisation and Management Planning Unit
Format: Book
Published: Kuala Lumpur : MAMPU , 1993
Edition:2nd ed
Subjects:

MARC

LEADER 00000cam a2200000 7i4500
001 0000004657
002 000005022
005 20000330.0
020 |a 9679784665 
090 0 0 |a 354.595025   |b DEA 
245 0 0 |a Dealing with the Malaysian Giril sarrice 
250 |a 2nd ed 
260 |a Kuala Lumpur :   |b MAMPU ,   |c 1993 
300 |a 774p. ;   |c 23cm. 
650 0 0 |a Administration agencies   |z Malaysia   |x Directories 
650 0 0 |a Executire depertment   |z Malaysia   |x Direetories 
710 2 |a Malaysian Administrative Moderisation and Management Planning Unit 
999 |a 032656   |b BUKU   |c MALAYSIANA   |e PERPUSTAKAAN KOMUNITI PETALING JAYA 
999 |a 032657   |b BUKU   |c MALAYSIANA   |e PERPUSTAKAAN KOMUNITI PETALING JAYA 
999 |a 041857   |b BUKU   |c MALAYSIANA   |e PERPUSTAKAAN KOMUNITI CAW KOTA DAMANSARA 
999 |a 041858   |b BUKU   |c MALAYSIANA   |e PERPUSTAKAAN KOMUNITI PETALING JAYA